Counter-Strike - Name the player (2013) - Statistics

General Stats
  • This quiz has been taken 7 times
  • The average score is 9 of 20
Answer Stats
Picture Answer % Correct
forest
100%
GeT_RiGhT
100%
ScreaM
100%
Devilwalk
83%
jW
83%
friberg
67%
Hiko
67%
markeloff
50%
SmithZz
50%
ANGE1
33%
Ex6TenZ
33%
Pimp
33%
pronax
33%
znajder
33%
DaZeD
0%
kRYSTAL
0%
Kuben
0%
MODDII
0%
MSL
0%
SEMPHIS
0%
No matching quizzes found
Score Distribution
Percent of People with Each Score
Percentile by Number Answered
Your Score History
You have not taken this quiz